000 00755nam a2200253Ia 4500
003 OSt
005 20220926013036.0
006 a|||||r|||| 00| 0
007 ta
008 220923b |||||||| |||| 00| 0 eng d
020 _a0060473290
037 _cGeneral Book
040 _aRTL
_cRTL
_beng
041 _2eng
_aeng
082 _aX:77, L6
100 _aYotopoulos Pan A
_9235847
245 0 _aEconomics of development
_b Empirical investigations
260 _aNew York
_bHarper and Row
_c1976
300 _axxiii,478p. Bibliography; P 431-57
_ccm.
650 _aEconomics Development
700 _a Nugent Jeffrey B
_9317764
942 _hX:77, L6
_cGB
_2CC
999 _c625048
_d625048